Statistiques concernant Devinez le Pays Mystère #4

Cliquez ici pour prendre le quiz!

Statistiques générales

  • Ce quiz a été pris 682 fois
  • Le résultat moyen est 15 sur 21

Statistiques - réponses

Type de RéponseRéponse% Correct
Lettre Trouvée
A
90%
Lettre Bien PlacéeA
88%
Lettre TrouvéeA
88%
Lettre TrouvéeN
87%
Lettre TrouvéeT
85%
Lettre TrouvéeE
79%
Lettre TrouvéeM
77%
Lettre TrouvéeR
75%
Lettre TrouvéeU
72%
Lettre Bien PlacéeM
69%
Lettre Bien PlacéeE
64%
Lettre TrouvéeI
64%
Lettre Bien PlacéeA
60%
Lettre Bien PlacéeI
60%
Lettre TrouvéeI
60%
Lettre Bien PlacéeI
60%
Pays MystèreMauritanie
60%
Lettre Bien PlacéeN
60%
Lettre Bien PlacéeR
60%
Lettre Bien PlacéeT
60%
Lettre Bien PlacéeU
60%

Distribution des résultats

Percentile par nombre de réponses

% des personnes avec chaque résultat

Votre développement - résultats

Vous n’avez pas pris ce quiz